| 000 | 00982 a2200217 4500 | ||
|---|---|---|---|
| 003 | Nust | ||
| 005 | 20221226115712.0 | ||
| 010 | _a 2001056582 | ||
| 020 | _a8120321049 | ||
| 040 | _cNust | ||
| 082 | 0 | 0 | _a621.39,JOH |
| 100 | 1 | _aJohnson, Curtis D., | |
| 245 | 1 | 0 |
_aProcess control instrumentation technology / _cCurtis D. Johnson. |
| 250 | _a7th ed. | ||
| 260 |
_aUpper Saddle River, N.J. : _bPrentice Hall, _cc2003. |
||
| 300 |
_ax, 694 p. : _bill. ; _c25 cm. |
||
| 505 | _aIntroduction to Process Control (Page-10), Analog Signal Conditioning (Page-51), Digital Signal Processing (Page-113), thermal Sensors (Page-165), Mechanical Sensors (Page-213), Optical Sensors (Page-273), Final Control (Page-321), Discrete-State Process Control (Page-367), Controller Principles (Page-419), Analog Controllers (Page-461), Digital Control (Page-499), Control-Loop Characteristics (Page-557). | ||
| 650 | 0 | _aEngineering instruments. | |
| 650 | 0 | _aProcess control. | |
| 942 |
_2ddc _cBK |
||
| 999 |
_c178724 _d178724 |
||